[Event "Wloclawek CC Classic 03rd"]
[Site "Wloclawek"]
[Date "2012.??.??"]
[Round "3"]
[White "Lukomska, Dominika"]
[Black "Wasilewska, Kornelia"]
[Result "1-0"]
[WhiteElo "1000"]
[BlackElo "1000"]
[PlyCount "45"]
[EventDate "2012.02.??"]
[EventType "swiss"]
[EventRounds "7"]
[EventCountry "POL"]
[SourceTitle "EXT 2021"]
[Source "ChessBase"]
[SourceDate "2020.10.23"]
[SourceVersion "1"]
[SourceVersionDate "2020.10.23"]
[SourceQuality "1"]

1. e4 e5 2. Nf3 Nc6 3. Nc3 d6 4. d4 Nf6 5. Bb5 Bd7 6. dxe5 dxe5 7. Bg5 Be7 8. 0-0 0-0 9. Re1 a6 10. Bd3 Bg4 11. Be2 Bb4 12. Bd2 Bxc3 13. bxc3 Nxe4 14. Bd3 Nxd2 15. Qxd2 Bxf3 16. Re3 Bg4 17. f3 Be6 18. Qe2 Qg5 19. Re1 f6 20. f4 Qxf4 21. Qh5 Bf7 22. Bxh7+ Kh8 23. Bg6+ 1-0

[Event "Wloclawek CC Classic 03rd"]
[Site "Wloclawek"]
[Date "2012.??.??"]
[Round "6"]
[White "Lyczko, Piotr"]
[Black "Wasilewska, Kornelia"]
[Result "1-0"]
[WhiteElo "1000"]
[BlackElo "1000"]
[PlyCount "81"]
[EventDate "2012.02.??"]
[EventType "swiss"]
[EventRounds "7"]
[EventCountry "POL"]
[SourceTitle "EXT 2021"]
[Source "ChessBase"]
[SourceDate "2020.10.23"]
[SourceVersion "1"]
[SourceVersionDate "2020.10.23"]
[SourceQuality "1"]

1. e4 e5 2. Nf3 Nc6 3. Bb5 f6 4. 0-0 Nge7 5. Re1 Nd4 6. Nxd4 exd4 7. d3 c6 8. Bc4 b5 9. Bb3 Ng6 10. Nd2 Bb4 11. a3 Bxd2 12. Bxd2 Qe7 13. c3 dxc3 14. Bxc3 a5 15. Qd2 d6 16. h3 Be6 17. Bxe6 Qxe6 18. Bxa5 0-0 19. Rac1 Rfc8 20. d4 c5 21. dxc5 dxc5 22. b4 Qe8 23. bxc5 Ne5 24. Qd5+ Kh8 25. Bb4 Qf7 26. Qxf7 Nxf7 27. f4 Rd8 28. c6 Nd6 29. Bxd6 Rxd6 30. c7 Rc8 31. e5 Rd7 32. e6 Rdxc7 33. Rxc7 Rxc7 34. e7 Rxe7 35. Rxe7 h6 36. g4 b4 37. axb4 g5 38. fxg5 fxg5 39. b5 Kg8 40. b6 Kf8 41. Ra7 1-0